00779nam a22002057a 450000500170000001000150001702000270003203500140005903700090007308200110008210000300009324500790012325000060020226000460020827001030025430000210035794200250037899900190040395201510042220250728111848.0 aENG-146174 a9780670096008c1499.00 aEN-129706 bDBAD a92121 aGhose, Chandrachur983385 aBose:bThe Untold Story of An Inconvenient Nationalist/cChandrachur Ghose a1 aHaryanabPenguin Random House Indiac2022 aPenguin Random House India Pvt. Ltd. 7th Floor , Infinity Tower C, DLF Cyber CitybHaryanae122002 a727p.c24 cm(hb) 2ddccENh921mGHOe1 c212645d212645 001040718REFaLbLd2025-07-28eDelivery of Books Act Divisiong1499.00l0o921 GHOpEN-129706r2025-07-28 00:00:00t1v1499.00w2025-07-28yEN